header

Film criticism as cultural fantasy (Record no. 209081)

MARC details
000 -LEADER
fixed length control field 01392nam a2200337Ia 4500
082 04 - DEWEY DECIMAL CLASSIFICATION NUMBER
Classification number 791.430994
100 1# - MAIN ENTRY--AUTHOR NAME
Personal name McGregor, Andrew,
245 10 - TITLE STATEMENT
Title Film criticism as cultural fantasy
260 ## - PUBLICATION, DISTRIBUTION, ETC. (IMPRINT)
Place of publication Bern ;
-- New York :
Name of publisher Peter Lang,
Year of publication 2010.
300 ## - PHYSICAL DESCRIPTION
Number of Pages 315 p.
490 0# - SERIES STATEMENT
Series statement Film cultures ;
650 #0 - SUBJECT ADDED ENTRY--TOPICAL TERM
Topical Term Motion pictures, Australian
Topical Term Film criticism
Topical Term Motion pictures
856 40 - ELECTRONIC LOCATION AND ACCESS
Uniform Resource Identifier http://site.ebrary.com/lib/rucke/Doc?id=10589280

No items available.

© 2026 Rongo University
Contact us: librarian | system librarian | Rongo university